ՄԱՅՐ ԱԹՈՌ ՍՈՒՐԲ ԷՋՄԻԱԾԻՆ

«ՎԱՉԵ ԵՎ ԹԱՄԱՐ ՄԱՆՈՒԿՅԱՆ» ՄԱՏԵՆԱԴԱՐԱՆ

Լվովի հայկական տպագրության 400-ամյակը: / (Record no. 65929)

MARC details
000 -LEADER
fixed length control field 00820nam a22002297a 4500
003 - CONTROL NUMBER IDENTIFIER
control field SEM
005 - DATE AND TIME OF LATEST TRANSACTION
control field 20220608073550.0
008 - FIXED-LENGTH DATA ELEMENTS--GENERAL INFORMATION
fixed length control field 161215b xxu||||| |||| 00| 0 arm
020 ## - INTERNATIONAL STANDARD BOOK NUMBER
International Standard Book Number 9789994107506
040 ## - CATALOGING SOURCE
Original cataloging agency
Transcribing agency
041 0# - LANGUAGE CODE
Language code of text/sound track or separate title arm.
100 1# - MAIN ENTRY--PERSONAL NAME
Personal name Դևրիկյան Վարդան Գևորգի
Dates associated with a name 1964-
245 10 - TITLE STATEMENT
Title Լվովի հայկական տպագրության 400-ամյակը: /
Statement of responsibility, etc. Վ. Դևրիկյան
246 11 - VARYING FORM OF TITLE
Title proper/short title 400 рiччя вiрменського друкарства у Львовi.
246 11 - VARYING FORM OF TITLE
Title proper/short title The 400th anniversary of the armenian typography in Lvov.
260 ## - PUBLICATION, DISTRIBUTION, ETC.
Place of publication, distribution, etc. Երևան:
Name of publisher, distributor, etc. Տիգրան Մեծ,
Date of publication, distribution, etc. 2016.
300 ## - PHYSICAL DESCRIPTION
Extent 132 էջ;
Other physical details նկ.;
Dimensions 20 սմ.
504 ## - BIBLIOGRAPHY, ETC. NOTE
Bibliography, etc. note Summary: p. 120-131
650 ## - SUBJECT ADDED ENTRY--TOPICAL TERM
Topical term or geographic name entry element Հայ գիրք
650 ## - SUBJECT ADDED ENTRY--TOPICAL TERM
Topical term or geographic name entry element Տպագրություն
Geographic subdivision Լվով
942 ## - ADDED ENTRY ELEMENTS (KOHA)
Source of classification or shelving scheme Universal Decimal Classification
Koha item type Գրքեր/Books
Holdings
Withdrawn status Lost status Source of classification or shelving scheme Damaged status Not for loan Collection code Home library Current library Date acquired Cost, normal purchase price Inventory number Total Checkouts Full call number Barcode Date last seen Price effective from Koha item type Public note
    Universal Decimal Classification     Գրապահոց Մայր Աթոռ Սուրբ Էջմիածին «Վաչե և Թամար Մանուկյան» Մատենադարան Մայր Աթոռ Սուրբ Էջմիածին «Վաչե և Թամար Մանուկյան» Մատենադարան 15/12/2016 1500.00 26357   002(47.925)(Սփ.)/Դ-41 26357 15/12/2016 08/06/2022 Գրքեր/Books Սպասարկվում է ընթերցասրահ